Флаги субъектов Российской Федерации - Statistics

General Stats
  • This quiz has been taken 1 128 times
  • The average score is 33 of 85
Answer Stats
Picture Answer % Correct
Северная Осетия–Алания
81%
Дагестан
76%
Татарстан
70%
Москва
70%
Крым
68%
Сахалинская область
64%
Еврейская автономная область
63%
Волгоградская область
63%
Ингушетия
59%
Саха (Якутия)
59%
Чечня
59%
Бурятия
57%
Краснодарский край
56%
Санкт-Петербург
55%
Башкортостан
54%
Коми
53%
Московская область
53%
Челябинская область
51%
Карелия
48%
Мордовия
48%
Удмуртия
47%
Адыгея
47%
Калмыкия
46%
Калининградская область
44%
Кабардино-Балкария
42%
Ростовская область
42%
Ярославская область
41%
Карачаево-Черкесия
40%
Тыва
40%
Севастополь
40%
Чукотский автономный округ
39%
Ханты-Мансийский автономный округ – Югра
38%
Камчатский край
38%
Ненецкий автономный округ
38%
Ямало-Ненецкий автономный округ
38%
Ленинградская область
38%
Чувашия
38%
Курганская область
37%
Мурманская область
37%
Иркутская область
37%
Архангельская область
37%
Пермский край
35%
Ставропольский край
35%
Тульская область
35%
Саратовская область
33%
Самарская область
33%
Белгородская область
33%
Астраханская область
33%
Курская область
32%
Забайкальский край
32%
Нижегородская область
32%
Рязанская область
31%
Приморский край
31%
Свердловская область
30%
Республика Алтай
30%
Новосибирская область
30%
Липецкая область
30%
Воронежская область
30%
Хакасия
29%
Омская область
29%
Хабаровский край
29%
Марий Эл
29%
Амурская область
27%
Магаданская область
27%
Кемеровская область
27%
Смоленская область
26%
Тюменская область
26%
Владимирская область
26%
Калужская область
25%
Кировская область
25%
Тверская область
25%
Новгородская область
25%
Красноярский край
25%
Костромская область
24%
Томская область
24%
Брянская область
24%
Пензенская область
24%
Псковская область
24%
Орловская область
23%
Тамбовская область
23%
Ульяновская область
23%
Вологодская область
21%
Ивановская область
20%
Алтайский край
20%
Оренбургская область
17%
No matching quizzes found
Score Distribution
Percent of People with Each Score
Percentile by Number Answered
Your Score History
You have not taken this quiz